| 000 | 00445cam a2200181ua 4500 | ||
|---|---|---|---|
| 020 | _c9.00 | ||
| 041 |
_amal _h |
||
| 082 |
_a510.1 _bSOM/GA |
||
| 100 | _aSoman, K . | ||
| 245 |
_aGanitha sasthra bodhanam / _cK Soman. _hTextual Documents |
||
| 250 |
_a1 / _b. |
||
| 260 |
_aThiruvananthapuram : _bState Instititute of Languages , _c1970. |
||
| 300 | _a313 ; . | ||
| 365 | _a9.00 | ||
| 504 | _a | ||
| 942 | _cBK | ||
| 999 |
_c6050 _d6050 |
||